Statistics for Central American Country Shapes

Click here to take the quiz!

General Stats

  • This quiz has been taken 53 times
  • The average score is 7 of 8

Answer Stats

Answer% Correct
Mexico
100%
Belize
89%
Costa Rica
89%
Panama
89%
El Salvador
87%
Guatemala
87%
Nicaragua
87%
Honduras
82%

Score Distribution

Percentile by Number Answered

Percent of People with Each Score

Your Score History

You have not taken this quiz